|
|
|
|
| LEADER |
00000nam0a2200000 4500 |
| 001 |
172358 |
| 005 |
20231101223026.0 |
| 035 |
|
|
|a (RuTPU)RU\TPU\book\186909
|
| 090 |
|
|
|a 172358
|
| 100 |
|
|
|a 20091211d2002 km y0rusy50 ca
|
| 101 |
0 |
|
|a rus
|
| 102 |
|
|
|a RU
|
| 105 |
|
|
|a y z 100zy
|
| 200 |
1 |
|
|a 2-ая летняя библиотечная школа. Тренинг для тренеров
|e 2-14 июля 2001 г. Москва- Владимир
|f Центр прикладных гуманитарных технологий
|
| 210 |
|
|
|a Москва
|c Центр прикладных гуманитарных технологий
|d 2002
|
| 215 |
|
|
|a 56 с.
|
| 606 |
1 |
|
|a Библиотечное дело
|x Организация
|y Россия
|2 stltpush
|3 (RuTPU)RU\TPU\subj\28619
|9 52135
|
| 610 |
1 |
|
|a библиотеки
|
| 610 |
1 |
|
|a библиотечное образование
|
| 610 |
1 |
|
|a библиотечные кадры
|
| 610 |
1 |
|
|a профессиональное образование
|
| 610 |
1 |
|
|a квалификация
|
| 610 |
1 |
|
|a новые технологии
|
| 610 |
1 |
|
|a обучение
|
| 610 |
1 |
|
|a повышение
|
| 686 |
|
|
|a Ч734(2)л0
|v LBC/SL-A
|2 rubbk
|
| 712 |
0 |
2 |
|a Центр прикладных гуманитарных технологий
|2 stltpush
|3 (RuTPU)RU\TPU\col\15424
|
| 712 |
0 |
2 |
|a 2-ая летняя библиотечная школа
|e Москва- Владимир
|f 2001
|
| 801 |
|
1 |
|a RU
|b 63413507
|c 20091211
|
| 801 |
|
2 |
|a RU
|b 63413507
|c 20170113
|g RCR
|
| 942 |
|
|
|c BK
|